| 000 | 00877nam a2200229 a 4500 | ||
|---|---|---|---|
| 001 | 53729 | ||
| 003 | BD-RjUL | ||
| 005 | 20211209080018.0 | ||
| 008 | 161024s1985 bg ||||| |||| 00| 0 ben d | ||
| 020 | _c: Tk. 40.00 | ||
| 035 | _a(BD-RjUL)53851 | ||
| 040 |
_aBD-RjUL _bben _cBD-RjUL |
||
| 041 | _aben | ||
| 082 |
_223 _a891.44109 _bRAK 1985 |
||
| 100 |
_aরহমান, সিদ্দিকুর _9160547 |
||
| 245 | 1 | 0 |
_aকবি দাদ আলীর জীবন ও কাব্য / _cসিদ্দিকুর রহমান |
| 260 |
_aঢাকা : _bবাংলা একাডেমী, _c১৯৮৫ |
||
| 300 |
_a[২০], ১৭২ পৃ. ; _c২৩ সেমি. |
||
| 650 |
_aবাংলা কবিতা _xইতিহাস ও সমালোচনা _9160548 |
||
| 650 |
_aBengali Poetry _xHistory and Criticism _9160549 |
||
| 942 |
_2ddc _cBK |
||
| 999 |
_c53729 _d53729 |
||